[Event "TUR-chT Clubs"]
[Site "Konya"]
[Date "2019.07.19"]
[Round "6.26"]
[White "Bogaz, Mustafa"]
[Black "Ergun, Hasan Huseyin"]
[Result "1-0"]
[WhiteElo "1597"]
[BlackElo "1254"]
[PlyCount "73"]
[EventDate "2019.07.16"]
[EventType "team-swiss"]
[EventRounds "9"]
[EventCountry "TUR"]
[SourceTitle "CBM 191 Extra"]
[Source "ChessBase"]
[SourceDate "2019.09.30"]
[SourceVersion "1"]
[SourceVersionDate "2019.09.30"]
[SourceQuality "1"]
[WhiteTeam "Corum Mavi Ay"]
[BlackTeam "Karaman Genclik"]
[WhiteTeamCountry "TUR"]
[BlackTeamCountry "TUR"]

1. c4 Nf6 2. Nc3 g6 3. e4 d6 4. g3 Bg7 5. Bg2 e5 6. Nge2 Be6 7. d3 Nbd7 8. 0-0 0-0 9. f4 exf4 10. gxf4 Bg4 11. Qe1 Nc5 12. d4 Nd3 13. Qg3 Nxc1 14. Raxc1 h5 15. h3 Bxe2 16. Nxe2 c6 17. Qd3 h4 18. Rcd1 Re8 19. e5 Nh5 20. Bf3 Ng3 21. Nxg3 hxg3 22. Bg2 dxe5 23. dxe5 Qh4 24. Qf3 Rad8 25. Qg4 Qe7 26. Qxg3 Qc5+ 27. Kh2 Qxc4 28. Qf3 Qxa2 29. Qc3 Qe6 30. Qa5 Rxd1 31. Rxd1 Qc4 32. Rf1 Bh6 33. Qd2 Kh8 34. Qf2 a6 35. f5 Rxe5 36. fxg6 Qe6 37. Qf6+ 1-0

[Event "TUR-chT2"]
[Site "Konya"]
[Date "2018.07.15"]
[Round "9.29"]
[White "Atabey, Koray Ibrahim"]
[Black "Ergun, Hasan Huseyin"]
[Result "0-1"]
[WhiteElo "1465"]
[BlackElo "1141"]
[PlyCount "109"]
[EventDate "2018.07.10"]
[EventType "team-swiss"]
[EventRounds "9"]
[EventCountry "TUR"]
[SourceTitle "EXT 2019"]
[Source "ChessBase"]
[SourceDate "2018.10.10"]
[SourceVersion "1"]
[SourceVersionDate "2018.10.10"]
[SourceQuality "1"]
[WhiteTeam "Mus Dernegi"]
[BlackTeam "Karaman Genclik"]
[WhiteTeamCountry "TUR"]
[BlackTeamCountry "TUR"]

1. e4 c5 2. f4 e6 3. Nf3 Nc6 4. Be2 Nge7 5. 0-0 d5 6. exd5 Nxd5 7. d3 Bd6 8. g3 b6 9. c4 Nde7 10. Nc3 a6 11. Be3 Nf5 12. Bf2 Bb7 13. Ne4 Be7 14. Qd2 Qd7 15. a3 Qc7 16. Rab1 a5 17. Rfe1 Rd8 18. Rbd1 Ncd4 19. Nxd4 cxd4 20. Bf3 a4 21. Qe2 0-0 22. Kg2 h6 23. Rc1 Bc5 24. Nxc5 bxc5 25. Rb1 Rb8 26. g4 Ne7 27. Bg3 Bxf3+ 28. Qxf3 Rb3 29. f5 Qb6 30. Qe4 e5 31. Qxe5 Nc6 32. Qe2 Na5 33. h4 Nb7 34. g5 Nd6 35. gxh6 Nxf5 36. hxg7 Rd8 37. Qh5 Nxg7 38. Qe2 Qg6 39. Kh3 Rxd3 40. Rg1 Rxg3+ 41. Rxg3 Qxb1 42. Qe5 Qh7 43. Qxc5 d3 44. Qe7 Rf8 45. Qd7 Kh8 46. Qd4 Re8 47. Rxd3 Qf5+ 48. Kg3 Kg8 49. c5 Nh5+ 50. Kg2 Nf4+ 51. Kg1 Qxd3 52. Qxf4 Re1+ 53. Kg2 Re2+ 54. Kg1 Qd1+ 55. Qf1 0-1

[Event "TUR-chT2"]
[Site "Konya"]
[Date "2018.07.12"]
[Round "5.29"]
[White "Ergun, Hasan Huseyin"]
[Black "Kiyak, Ali"]
[Result "0-1"]
[WhiteElo "1141"]
[BlackElo "1476"]
[PlyCount "56"]
[EventDate "2018.07.10"]
[EventType "team-swiss"]
[EventRounds "9"]
[EventCountry "TUR"]
[SourceTitle "EXT 2019"]
[Source "ChessBase"]
[SourceDate "2018.10.10"]
[SourceVersion "1"]
[SourceVersionDate "2018.10.10"]
[SourceQuality "1"]
[WhiteTeam "Karaman Genclik"]
[BlackTeam "Osmaniye Duzici Okyanus"]
[WhiteTeamCountry "TUR"]
[BlackTeamCountry "TUR"]

1. c4 Nf6 2. Nc3 e6 3. Nf3 d5 4. d4 c6 5. Bf4 Nbd7 6. e3 Be7 7. Bd3 dxc4 8. Bxc4 b5 9. Bd3 Bb7 10. Rc1 a6 11. Ne4 Nxe4 12. Bxe4 Qa5+ 13. Nd2 Qxa2 14. Bxc6 Bxc6 15. Rxc6 Qxb2 16. 0-0 0-0 17. Qc1 Qb4 18. Ne4 e5 19. Bg3 exd4 20. Rc7 dxe3 21. Qxe3 Nf6 22. Bh4 Qxe4 23. Qxe4 Nxe4 24. Rxe7 Rfe8 25. Re1 Nd6 26. Kf1 f6 27. f4 Rxe7 28. Rxe7 Nf5 0-1

[Event "TUR-chT2"]
[Site "Konya"]
[Date "2018.07.11"]
[Round "3.28"]
[White "Uysal, Ilyas"]
[Black "Ergun, Hasan Huseyin"]
[Result "1-0"]
[WhiteElo "1649"]
[BlackElo "1141"]
[PlyCount "101"]
[EventDate "2018.07.10"]
[EventType "team-swiss"]
[EventRounds "9"]
[EventCountry "TUR"]
[SourceTitle "EXT 2019"]
[Source "ChessBase"]
[SourceDate "2018.10.10"]
[SourceVersion "1"]
[SourceVersionDate "2018.10.10"]
[SourceQuality "1"]
[WhiteTeam "Afyonkarahisar Deha"]
[BlackTeam "Karaman Genclik"]
[WhiteTeamCountry "TUR"]
[BlackTeamCountry "TUR"]

1. e4 c5 2. Nf3 e6 3. c4 Nc6 4. Nc3 g6 5. d4 cxd4 6. Nxd4 a6 7. Be3 Nge7 8. h4 Bg7 9. h5 h6 10. hxg6 Nxg6 11. Be2 d6 12. Qd2 Qc7 13. Nxc6 bxc6 14. 0-0-0 Ke7 15. Bxh6 Bxh6 16. Rxh6 Bb7 17. Qg5+ Kd7 18. Rdh1 Qd8 19. Qg3 Qf6 20. c5 Rxh6 21. Qxd6+ Ke8 22. Rxh6 Rd8 23. Qg3 Qf4+ 24. Qxf4 Nxf4 25. Rh8+ Ke7 26. Rxd8 Kxd8 27. g3 Nxe2+ 28. Nxe2 e5 29. f4 f6 30. Kd2 Ke7 31. f5 a5 32. g4 Ba6 33. Ng3 a4 34. a3 Bc4 35. Kc3 Bb3 36. Nf1 Kf7 37. Ne3 Kg7 38. Kb4 Kh6 39. Nf1 Kg5 40. Nd2 Bc2 41. Kc3 Bd1 42. b3 Kxg4 43. bxa4 Bxa4 44. Kb4 Bd1 45. a4 Be2 46. Nc4 Kf4 47. a5 Kxe4 48. a6 Kd5 49. a7 Bxc4 50. a8Q Bd3 51. Qd8+ 1-0